000 00339nam a2200145Ia 4500
008 240830s1901 xx 000 0 und d
041 _aeng
082 _a0 DAW
100 _aDAWN C.S.
245 _aTEXT BOOK OF OBSTERRICS AND NEONATOLOGY
260 _bN.D.
_c1901
650 _aGYANECOLOGY
906 _aN.D.
999 _c1195409
_d1195409